[Event "Titled Tuesday intern op 02nd Apr Early"]
[Site "Chess.com INT"]
[Date "2024.04.02"]
[Round "7"]
[White "Bochnicka, Vladimir1"]
[Black "Kosteniuk, Alexandra"]
[Result "0-1"]
[WhiteElo "2421"]
[BlackElo "2501"]
[PlyCount "53"]
[EventDate "2024.04.02"]
[EventType "swiss (blitz)"]
[EventRounds "11"]
[EventCountry "USA"]
[SourceTitle "CB15_2024"]
[SourceDate "2024.04.10"]
[SourceVersion "1"]
[SourceVersionDate "2024.04.10"]
[SourceQuality "1"]

1. e4 c6 2. d4 d5 3. e5 c5 4. dxc5 e6 5. Nf3 Bxc5 6. a3 f6 7. b4 Be7 8. Bb2 a5 9. b5 Nd7 10. c4 Nxe5 11. Nxe5 fxe5 12. cxd5 Nf6 13. Bxe5 exd5 14. Be2 0-0 15. 0-0 Be6 16. Nd2 Qb6 17. Nf3 Bc5 18. Bd4 Ne4 19. Rc1 Rac8 20. Bxc5 Rxc5 21. Qd4 Rfc8 22. Bd3 Bf7 23. Ne5 Qf6 24. Rxc5 Nxc5 25. Rc1 b6 26. Nc6 Rxc6 27. Bxh7+ 0-1

[Event "Titled Tuesday intern op 02nd Apr Early"]
[Site "Chess.com INT"]
[Date "2024.04.02"]
[Round "5"]
[White "Bueno, Alfeu Varela Jr"]
[Black "Kosteniuk, Alexandra"]
[Result "0-1"]
[WhiteElo "2140"]
[BlackElo "2501"]
[PlyCount "78"]
[EventDate "2024.04.02"]
[EventType "swiss (blitz)"]
[EventRounds "11"]
[EventCountry "USA"]
[SourceTitle "CB15_2024"]
[SourceDate "2024.04.10"]
[SourceVersion "1"]
[SourceVersionDate "2024.04.10"]
[SourceQuality "1"]

1. e4 c6 2. d4 d5 3. f3 e6 4. Nc3 Bb4 5. Bf4 Ne7 6. Nge2 c5 7. a3 Bxc3+ 8. Nxc3 cxd4 9. Nb5 0-0 10. Nc7 Ng6 11. Bg3 dxe4 12. Nxa8 e5 13. fxe4 Be6 14. h4 Nc6 15. h5 Nf4 16. Bxf4 exf4 17. h6 g6 18. Qd2 Qb8 19. Bb5 Qe5 20. Bxc6 bxc6 21. Nc7 Qxc7 22. Qxd4 f6 23. 0-0-0 g5 24. Qd6 Qxd6 25. Rxd6 Kf7 26. Rxc6 Rc8 27. Rxc8 Bxc8 28. Kd2 Bb7 29. Kd3 f5 30. exf5 Kf6 31. Rh2 Kxf5 32. c4 g4 33. c5 g3 34. Rh5+ Kg4 35. Re5 Bxg2 36. Re7 f3 37. Rxh7 Kh5 38. Rg7 Kxh6 39. Rxg3 f2 0-1

[Event "Titled Tuesday intern op 02nd Apr Early"]
[Site "Chess.com INT"]
[Date "2024.04.02"]
[Round "2"]
[White "Kosteniuk, Alexandra"]
[Black "Chyngyz, Sultai"]
[Result "1-0"]
[WhiteElo "2501"]
[BlackElo "1932"]
[PlyCount "109"]
[EventDate "2024.04.02"]
[EventType "swiss (blitz)"]
[EventRounds "11"]
[EventCountry "USA"]
[SourceTitle "CB15_2024"]
[SourceDate "2024.04.10"]
[SourceVersion "1"]
[SourceVersionDate "2024.04.10"]
[SourceQuality "1"]

1. Nf3 Nf6 2. g3 e6 3. Bg2 d5 4. d3 Be7 5. 0-0 0-0 6. a4 c5 7. Bf4 Nc6 8. e4 dxe4 9. dxe4 Nxe4 10. Ne5 Nxe5 11. Bxe5 Nf6 12. Qe2 Qb6 13. Na3 Bd7 14. Rfd1 Bc6 15. Nc4 Qa6 16. Bf1 b6 17. Qd2 Qb7 18. Nd6 Bxd6 19. Qxd6 Nd5 20. Bf4 Rad8 21. Qe5 Nb4 22. Rdc1 Rd7 23. Qe2 Rfd8 24. a5 Bf3 25. Qb5 Bc6 26. Qe2 b5 27. Be3 c4 28. Bc5 Na6 29. Be3 Bf3 30. Qe1 h6 31. b3 cxb3 32. cxb3 Nc7 33. Bc5 Nd5 34. a6 Qa8 35. Bxb5 Rc7 36. Bf1 Rdc8 37. Bd4 Rd7 38. Qe5 Nf6 39. h3 Rd5 40. Qe3 Rf5 41. Bxa7 Nd5 42. Qd4 e5 43. Rxc8+ Qxc8 44. Qc5 Qe6 45. Bb8 Nf4 46. a7 Nxh3+ 47. Bxh3 Rh5 48. a8Q Bxa8 49. Rxa8 Qxh3 50. Bxe5+ Kh7 51. Rh8+ Kg6 52. Qc6+ f6 53. Qe4+ Rf5 54. Bf4 Kf7 55. Qe8# 1-0

[Event "Swiss Queens Wed #9"]
[Site "FIDE Online Arena INT"]
[Date "2024.03.27"]
[Round "3"]
[White "Vantika, Agrawal"]
[Black "Kosteniuk, Alexandra"]
[Result "1/2-1/2"]
[WhiteElo "2398"]
[BlackElo "2501"]
[PlyCount "70"]
[EventDate "2024.03.27"]
[EventType "swiss (blitz)"]
[EventRounds "11"]
[EventCountry "NET"]
[SourceTitle "CB14_2024"]
[SourceDate "2024.04.01"]
[SourceVersion "1"]
[SourceVersionDate "2024.04.01"]
[SourceQuality "1"]

1. d4 f5 2. Nf3 Nf6 3. g3 g6 4. Bg2 Bg7 5. 0-0 0-0 6. b3 a5 7. Bb2 a4 8. c4 d6 9. b4 d5 10. c5 Bd7 11. a3 Ne4 12. Nc3 Nxc3 13. Bxc3 Bb5 14. Re1 c6 15. Bd2 h6 16. h4 Nd7 17. Bf4 Qe8 18. Qd2 Kh7 19. Ne5 Nxe5 20. Bxe5 Bxe5 21. dxe5 Qf7 22. f4 Rad8 23. Qd4 Qg7 24. Kf2 e6 25. e3 Kg8 26. Bf1 Qd7 27. Rac1 Rc8 28. Bg2 Rf7 29. Red1 Qe8 30. Bf3 Rg7 31. Rh1 Qd8 32. Rcd1 Qe7 33. Rc1 Qd8 34. Rcd1 Qe7 35. Rc1 Qd8 1/2-1/2

[Event "Swiss Queens Wed #7"]
[Site "FIDE Online Arena INT"]
[Date "2024.03.13"]
[Round "8"]
[White "Vantika, Agrawal"]
[Black "Kosteniuk, Alexandra"]
[Result "1/2-1/2"]
[WhiteElo "2398"]
[BlackElo "2501"]
[PlyCount "85"]
[EventDate "2024.03.13"]
[EventType "swiss (blitz)"]
[EventRounds "11"]
[EventCountry "NET"]
[SourceTitle "CB12_2024"]
[SourceDate "2023.10.01"]
[SourceVersion "1"]
[SourceVersionDate "2023.10.01"]
[SourceQuality "1"]

1. a3 e5 2. c4 Nf6 3. d3 d5 4. cxd5 Nxd5 5. Nf3 Nc6 6. e4 Nde7 7. Be2 g6 8. b4 a6 9. Bb2 Bg7 10. Nbd2 0-0 11. Nc4 f6 12. Rc1 b5 13. Ne3 Be6 14. d4 exd4 15. Nxd4 Nxd4 16. Qxd4 Qxd4 17. Bxd4 Rac8 18. 0-0 Rfd8 19. Bc5 Nc6 20. Nd5 Kf7 21. a4 Bxd5 22. exd5 Ne7 23. axb5 axb5 24. Bxb5 Nxd5 25. Bc6 Bf8 26. Bxf8 Kxf8 27. Bb7 Nf4 28. Bxc8 Ne2+ 29. Kh1 Nxc1 30. Rxc1 Rxc8 31. g3 Ke7 32. Rc6 f5 33. b5 Kd7 34. Kg2 Rb8 35. Rc5 Rb6 36. f4 Rd6 37. h4 Rd2+ 38. Kf3 Rd3+ 39. Kf2 Rd2+ 40. Kf3 Rd3+ 41. Kf2 Kd6 42. Rc6+ Kd7 43. Rc5 1/2-1/2

[Event "Titled Tuesday intern op 12th Mar Early"]
[Site "Chess.com INT"]
[Date "2024.03.12"]
[Round "1"]
[White "Kosteniuk, Alexandra"]
[Black "Parfenov, Viktor N"]
[Result "1/2-1/2"]
[WhiteElo "2501"]
[BlackElo "2193"]
[PlyCount "159"]
[EventDate "2024.03.12"]
[EventType "swiss (blitz)"]
[EventRounds "11"]
[EventCountry "USA"]
[SourceTitle "CB12_2024"]
[SourceDate "2023.10.01"]
[SourceVersion "1"]
[SourceVersionDate "2023.10.01"]
[SourceQuality "1"]

1. Nf3 d5 2. g3 Nf6 3. Bg2 e6 4. 0-0 Be7 5. d3 0-0 6. Bf4 c5 7. a4 Nc6 8. e4 b6 9. Nc3 Bb7 10. e5 Nd7 11. Re1 a6 12. h4 h6 13. Qd2 Re8 14. Nh2 Bf8 15. Ng4 Re7 16. h5 Rb8 17. Ne2 b5 18. axb5 axb5 19. d4 cxd4 20. Nxd4 Nxd4 21. Qxd4 Qb6 22. Be3 Qxd4 23. Bxd4 Ree8 24. Bf1 Bc6 25. Ra6 Rec8 26. c3 Nc5 27. Ra7 b4 28. c4 Nb3 29. Be3 dxc4 30. Bxc4 Nc5 31. Rea1 Bf3 32. Nh2 Bxh5 33. g4 Bg6 34. Nf3 b3 35. Nh4 Bc2 36. Ng2 Nd3 37. Bxd3 Bxd3 38. Nf4 Be4 39. R1a4 Bc6 40. Rc4 Bf3 41. Rxc8 Rxc8 42. Kh2 Bxg4 43. Rb7 Bd1 44. Nd3 Bc2 45. Nf4 g6 46. Ne2 Bg7 47. Bd4 g5 48. Bc3 Rd8 49. Ng3 Rd5 50. Rb8+ Kh7 51. Rb7 Kg6 52. f4 gxf4 53. Ne2 Bxe5 54. Bxe5 Rxe5 55. Nxf4+ Kf6 56. Kg3 Rg5+ 57. Kh4 Rc5 58. Nh5+ Kg6 59. Nf4+ Kg7 60. Nh5+ Kg6 61. Nf4+ Kf5 62. Rxf7+ Ke5 63. Kg3 Bf5 64. Rb7 Bc2 65. Rb6 Bf5 66. Rxb3 Kf6 67. Rb6 Ra5 68. Ne2 Kg5 69. Nc3 Ra1 70. b4 h5 71. b5 h4+ 72. Kf2 Ra3 73. Ne2 Ra2 74. Ke3 Ra3+ 75. Kf2 h3 76. Rb8 Ra2 77. Ke3 Ra3+ 78. Kf2 Ra2 79. Ke3 Ra3+ 80. Kf2 1/2-1/2

[Event "Swiss Queens Wed #6"]
[Site "FIDE Online Arena INT"]
[Date "2024.03.06"]
[Round "6"]
[White "Kosteniuk, Alexandra"]
[Black "Batsiashvili, Nino"]
[Result "1/2-1/2"]
[WhiteElo "2501"]
[BlackElo "2450"]
[PlyCount "44"]
[EventDate "2024.03.06"]
[EventType "swiss (blitz)"]
[EventRounds "11"]
[EventCountry "NET"]
[SourceTitle "CB11_2024"]
[SourceDate "2024.03.13"]
[SourceVersion "1"]
[SourceVersionDate "2024.03.13"]
[SourceQuality "1"]

1. Nf3 Nf6 2. g3 b6 3. Bg2 Bb7 4. d3 d5 5. 0-0 e6 6. c4 dxc4 7. dxc4 Qxd1 8. Rxd1 Bd6 9. Nc3 a6 10. Bf4 Bxf4 11. gxf4 Nbd7 12. Nd4 Bxg2 13. Kxg2 e5 14. fxe5 Nxe5 15. b3 0-0-0 16. Nf5 g6 17. Ne3 h5 18. Ncd5 Nxd5 19. Nxd5 Kb7 20. Nf6 Ng4 21. Nxg4 hxg4 22. e3 f5 1/2-1/2

[Event "Swiss Queens Wed #4"]
[Site "FIDE Online Arena INT"]
[Date "2024.02.21"]
[Round "10"]
[White "Dzagnidze, Nana"]
[Black "Kosteniuk, Alexandra"]
[Result "0-1"]
[WhiteElo "2506"]
[BlackElo "2501"]
[PlyCount "58"]
[EventDate "2024.02.21"]
[EventType "swiss (blitz)"]
[EventRounds "11"]
[EventCountry "NET"]
[SourceTitle "CB09_2024"]
[SourceDate "2024.02.28"]
[SourceVersion "1"]
[SourceVersionDate "2024.02.28"]
[SourceQuality "1"]

1. d4 Nf6 2. Nf3 e6 3. c4 Bb4+ 4. Nbd2 0-0 5. Qc2 d5 6. a3 Be7 7. e4 dxe4 8. Nxe4 Nc6 9. Be3 Nxe4 10. Qxe4 f5 11. Qc2 Bf6 12. 0-0-0 Qe8 13. Kb1 e5 14. dxe5 Nxe5 15. Nxe5 Bxe5 16. Bd3 Qc6 17. Rhe1 Bf6 18. f3 Be6 19. Bf2 g6 20. Rd2 Rae8 21. Rde2 Bf7 22. Rxe8 Rxe8 23. Rxe8+ Qxe8 24. Qe2 Qd7 25. Bc2 b6 26. Qd3 Qc6 27. Bb3 Qe6 28. Bc2 Qe5 29. Qb3 Qe2 0-1